<?xml version="1.0" encoding="UTF-8"?>
<record
    xmlns:xsi="http://www.w3.org/2001/XMLSchema-instance"
    xsi:schemaLocation="http://www.loc.gov/MARC21/slim http://www.loc.gov/standards/marcxml/schema/MARC21slim.xsd"
    xmlns="http://www.loc.gov/MARC21/slim">

  <leader>01167nam a2200157   4500</leader>
  <datafield tag="999" ind1=" " ind2=" ">
    <subfield code="c">509459</subfield>
    <subfield code="d">509459</subfield>
  </datafield>
  <controlfield tag="008">190509b           ||||| |||| 00| 0 eng d</controlfield>
  <datafield tag="100" ind1=" " ind2=" ">
    <subfield code="a">Stafford, Andrew B.</subfield>
    <subfield code="9">5293</subfield>
  </datafield>
  <datafield tag="245" ind1=" " ind2=" ">
    <subfield code="a">Providing victims of crime with information on police response activity: The challenges faced by the police non-emergency call-handler</subfield>
  </datafield>
  <datafield tag="260" ind1=" " ind2=" ">
    <subfield code="c">2018</subfield>
  </datafield>
  <datafield tag="300" ind1=" " ind2=" ">
    <subfield code="a">p.297-315.</subfield>
  </datafield>
  <datafield tag="520" ind1=" " ind2=" ">
    <subfield code="a">Police policy in England and Wales is to always explain to a member of the public who contacts the police what will happen as a result of them doing so. During initial contact between a victim of crime and the police, this task often falls to police call-handlers. This article examines information on police response activity provided to victims by police non-emergency call-handlers during such instances of contact. Empirical analysis highlights the importance that call-handlers place on providing accurate information on response activity to those who call the police, and the various challenges that they can encounter when attempting this. - Reproduced.</subfield>
  </datafield>
  <datafield tag="650" ind1=" " ind2=" ">
    <subfield code="a">Crime</subfield>
    <subfield code="9">5294</subfield>
  </datafield>
  <datafield tag="773" ind1=" " ind2=" ">
    <subfield code="a">Police Journal: Theory, Practice and Principles</subfield>
  </datafield>
  <datafield tag="906" ind1=" " ind2=" ">
    <subfield code="a">Police</subfield>
  </datafield>
  <datafield tag="942" ind1=" " ind2=" ">
    <subfield code="2">ddc</subfield>
    <subfield code="c">AR</subfield>
  </datafield>
  <datafield tag="952" ind1=" " ind2=" ">
    <subfield code="0">0</subfield>
    <subfield code="1">0</subfield>
    <subfield code="2">ddc</subfield>
    <subfield code="4">0</subfield>
    <subfield code="7">0</subfield>
    <subfield code="9">383402</subfield>
    <subfield code="a">IIPA</subfield>
    <subfield code="b">IIPA</subfield>
    <subfield code="d">2019-05-09</subfield>
    <subfield code="h">91(4), Dec, 2018: p.297-315.</subfield>
    <subfield code="p">AR119634</subfield>
    <subfield code="r">2019-05-09</subfield>
    <subfield code="y">AR</subfield>
  </datafield>
</record>
